000 00567nam a2200157 i 4500
001 26998
003 ES-MaACL
005 20230906153534.0
007 t|
008 030113s1963 xxc ||||1| spa d
100 1 _aAtienza, Francisco.
_923734
245 1 3 _aEl "de personis" en la Dionisiana (excepto el Papa y los Obispos)
_b: disertación presentada a la Facultad de Derecho Canónico de la Universidad de Otawa... /
_cFrancisco Atienza.
260 _aOttawa :
_bUniversidad de Ottawa,
_c1963.
300 _a26 h. ;
_c22 cm.
852 _aES-MaACL
_j2038-F-8
_bR.53238
999 _c26998
_d26998